Moral social. La vida en comunidad

Guardat en:
Dades bibliogràfiques
Autor principal: Flecha Andrés, José Román (autor)
Format: Llibre
Idioma:espanyol
Publicat: Salamanca, España Sígueme 2007
Col·lecció:Lux Mundi, 84
Matèries:
Etiquetes: Afegir etiqueta
Sense etiquetes, Sigues el primer a etiquetar aquest registre!

MARC

LEADER 00000cam a2200000 a 4500
001 UCI2063
003 CL-VaPUC
005 20220319074520.0
008 070803e20070000SP |||||||||||||||||spa|d
999 |c 326710  |d 326708 
020 |a 9788430116331 
040 |c Pontificia Universidad Católica de Valparaíso 
082 0 4 |a 177 FLE 2007  |2 21 
100 0 |a Flecha Andrés, José Román  |e autor  |9 522922 
245 1 0 |a Moral social. La vida en comunidad 
260 0 3 |a Salamanca, España  |b Sígueme  |c 2007 
300 |a 589 páginas 
490 0 |a Lux Mundi,  |v  84 
583 |a last modification  |c 20160616 01:29:50  |k Rodrigo Vera 
650 0 |a Ética  |9 255099 
650 0 |a Derechos humanos  |9 223025 
650 0 |a Acción comunitaria  |9 337628 
942 |c BK  |2 ddc 
945 |d 20070803 00:00:00  |a rbrito 
952 |0 0  |1 2  |4 0  |6 177_000000000000000_FLE_2007  |7 0  |8 A  |9 408817  |a BIBTEO  |b BIBTEO  |d 2019-11-22  |i 4361520  |o 177 FLE 2007  |p 4361520  |r 2019-11-22  |w 2019-11-22  |y BK  |k ICR 
952 |0 0  |1 0  |2 ddc  |4 0  |6 177_000000000000000_FLE_2007  |7 0  |8 A  |9 408818  |a BIBTEO  |b BIBTEO  |d 2019-11-22  |i 4394852  |l 1  |m 1  |o 177 FLE 2007  |p 4394852  |r 2025-01-17  |s 2022-10-19  |t 1  |w 2019-11-22  |y BK  |k ICR 
952 |0 0  |1 0  |2 ddc  |3 erb  |4 0  |6 177_000000000000000_FLE_2007  |7 0  |8 A  |9 408819  |a BIBTEO  |b BIBTEO  |i 5293480  |o 177 FLE 2007  |p 5293480  |r 2025-01-17  |t 2  |w 2019-11-22  |y BK  |z Catalogado en:20160616  |k ICR